000
00255nam a2200109 a 4500
005
20140414132025.0
008
110315s19uu xx 00 eng d
050
_a
TR
_b
G89 2001
100
_a
Edgecombe, Jane
245
_a
Gross and Gooey.
999
_c
113543
_d
113543